[Event "Satu Mare Szabo Memorial"]
[Site "Satu Mare"]
[Date "2021.08.11"]
[Round "4"]
[White "Coman, Mihnea George"]
[Black "Polner, Iosif"]
[Result "1-0"]
[WhiteElo "2100"]
[BlackElo "1761"]
[PlyCount "87"]
[EventDate "2021.08.08"]
[EventType "swiss"]
[EventRounds "9"]
[EventCountry "ROU"]
[SourceTitle "CBM 203 Extra"]
[Source "ChessBase"]
[SourceDate "2021.09.30"]
[SourceVersion "1"]
[SourceVersionDate "2021.09.30"]
[SourceQuality "1"]

1. d4 Nf6 2. Nf3 d5 3. e3 a6 4. c4 c6 5. Bd3 g6 6. h3 Bg7 7. 0-0 0-0 8. Nbd2 b6 9. e4 dxe4 10. Nxe4 Qc7 11. Be3 Nbd7 12. Nc3 Bb7 13. Re1 e6 14. Qe2 c5 15. Rad1 Nh5 16. Be4 Bxe4 17. Nxe4 Nf4 18. Qd2 Nh5 19. Bh6 Rfe8 20. Bxg7 Kxg7 21. dxc5 Nxc5 22. Qc3+ f6 23. Nxc5 Qxc5 24. Rd7+ Re7 25. Rxe7+ Qxe7 26. Qe3 e5 27. g4 Nf4 28. Qxf4 Re8 29. Qe3 Qc7 30. b3 h6 31. Rd1 Qc6 32. Qd3 Re7 33. Qd6 Qb7 34. Qd5 Qc7 35. Qe4 Qc8 36. Nh4 Qe8 37. Rd6 b5 38. c5 Rc7 39. c6 Qf7 40. Rd7 Rxd7 41. cxd7 Qxd7 42. Qxg6+ Kf8 43. Qxf6+ Ke8 44. Qh8+ 1-0